Moderns Abc of Physics (Record no. 40802)

MARC details
000 -LEADER
fixed length control field 00395nam a2200145Ia 4500
008 - FIXED-LENGTH DATA ELEMENTS--GENERAL INFORMATION
fixed length control field 211109s9999||||xx |||||||||||||| ||und||
082 ## - DEWEY DECIMAL CLASSIFICATION NUMBER
Classification number 530
Item number GUP-M
100 ## - MAIN ENTRY--PERSONAL NAME
Personal name Gupta, Satish K
245 #0 - TITLE STATEMENT
Title Moderns Abc of Physics
260 ## - PUBLICATION, DISTRIBUTION, ETC.
Name of publisher, distributor, etc. Modern Publishers
Place of publication, distribution, etc. New Delhi
Date of publication, distribution, etc. 1989
300 ## - PHYSICAL DESCRIPTION
Extent 610p.
630 ## - SUBJECT ADDED ENTRY--UNIFORM TITLE
General subdivision GENERAL STACK
650 ## - SUBJECT ADDED ENTRY--TOPICAL TERM
Topical term or geographic name entry element NATURAL SCIENCES & MATHEMATICS
942 ## - ADDED ENTRY ELEMENTS (KOHA)
Koha item type BOOK
650 ## - SUBJECT ADDED ENTRY--TOPICAL TERM
Form subdivision PHYSICSGeneralia
Holdings
Withdrawn status Lost status Damaged status Not for loan Home library Current library Date acquired Cost, normal purchase price Total Checkouts Full call number Barcode Shelving location Date last seen Price effective from Koha item type
        SB LIBRARY SB LIBRARY 09/11/2021 100.00   530 GUP-M 00082419 GENERAL STACK 09/11/2021 09/11/2021 BOOK

Powered by Koha